000
00256nam a2200097Ia 4500
001
1206565
005
20251014101235.0
008
250824s9999 xx 000 0 und d
245
0
_a
ÖLÜM VE KORKU GÜNLERİ
_c
CENGİZ DAĞCI
260
_b
ÖTÜKEN YAYINLARI
999
_c
1206565
_d
1206565